God's wonderful judgment in Lincoln-shire: or, A dreadful warning to children that are undutiful to their parents : being a true account of the sad end of a young man about seven miles from London, who having been very disobedient, and so unnatural as to strike his own father, and otherwise notorious ill-liver. The devil on Saturday the 22th of March last, visibly appeared to him and thenceforward he fell into dispair of God's mercy, acknowledging that he had given himself to the devil ever since he was ten years old; and so after a fortnights continuance in that miserable condition dyed.

Bibliographic Details
Format: eBook
Language:English
Published: London : Printed for L.C., 1679.
Series:Early English books online.
Subjects:
Online Access:Connect to the full text of this electronic book

MARC

Tag First Indicator Second Indicator Subfields
LEADER 00000nam a2200000Ia 4500
001 in00004338751
005 20200812094457.0
006 m g d
007 cr bn |||a|bb|
008 101202s1679 enk o 000 0 eng d
040 |a UMI  |c UMI  |e dcrb 
035 |a (OCoLC)688636152 
037 |a CL0037000135  |b ProQuest, 789 E. Eisenhower Parkway, Ann Arbor, MI 48108-3218 
043 |a e-uk-en 
090 |a BV4570  |b .G63 1679 
049 |a UMIA 
245 0 0 |a God's wonderful judgment in Lincoln-shire: or, A dreadful warning to children that are undutiful to their parents :  |b being a true account of the sad end of a young man about seven miles from London, who having been very disobedient, and so unnatural as to strike his own father, and otherwise notorious ill-liver. The devil on Saturday the 22th of March last, visibly appeared to him and thenceforward he fell into dispair of God's mercy, acknowledging that he had given himself to the devil ever since he was ten years old; and so after a fortnights continuance in that miserable condition dyed. 
246 3 0 |a Dreadful warning to children that are undutiful to their parents 
260 |a London :  |b Printed for L.C.,  |c 1679. 
300 |a 1 online resource ([2], 6 pages) 
336 |a text  |b txt  |2 rdacontent 
337 |a computer  |b c  |2 rdamedia 
338 |a online resource  |b cr  |2 rdacarrier 
500 |a Reproduction of original in: Beinecke Rare Book and Manuscript Library. 
510 4 |a Wing (2nd edition)  |c G964A 
533 |a Electronic reproduction.  |b Ann Arbor, Mich. :  |c UMI,  |d 1999-  |f (Early English books online)  |n Digital version of: (Early English Books, 1641-1700 ; 2993:47)  |7 s1999 miun s 
650 0 |a Children  |x Religious life  |z England  |v Early works to 1800. 
650 0 |a Parent and child  |z England  |v Early works to 1800. 
650 0 |a Devil  |v Early works to 1800. 
830 0 |a Early English books online. 
856 4 0 |u http://proxy.library.tamu.edu/login?url=https://search.proquest.com/docview/2240864204  |z Connect to the full text of this electronic book  |t 0 
994 |a 02  |b UMI 
999 f f |s d1dc9902-6bf5-3e74-9a21-7cd0985b80a8  |i 491991d2-eb7d-3919-8eba-728a6e3ced89  |t 0 
952 f f |a Texas A&M University  |b College Station  |c Electronic Resources  |d Available Online  |t 0  |e BV4570 .G63 1679  |h Library of Congress classification 
998 f f |a BV4570 .G63 1679  |t 0  |l Available Online